LAPE 2007 Stamp Catalogue, Suomi - Finland 1856-2006 (Record no. 637)

000 -LEADER
fixed length control field 00353nam a22001337a 4500
003 - CONTROL NUMBER IDENTIFIER
control field OSt
008 - FIXED-LENGTH DATA ELEMENTS--GENERAL INFORMATION
fixed length control field 141118b xxu||||| |||| 00| 0 eng d
020 ## - INTERNATIONAL STANDARD BOOK NUMBER
International Standard Book Number t
041 ## - LANGUAGE CODE
Language code of text/sound track or separate title eng
245 10 - TITLE STATEMENT
Title LAPE 2007 Stamp Catalogue, Suomi - Finland 1856-2006
260 ## - PUBLICATION, DISTRIBUTION, ETC. (IMPRINT)
Place of publication, distribution, etc. Turku, Finland
Name of publisher, distributor, etc. Suomen Filateliapalvelu Oy
300 ## - PHYSICAL DESCRIPTION
Extent 784 pages
650 #0 - SUBJECT ADDED ENTRY--TOPICAL TERM
Topical term or geographic name as entry element Catalogs and Price Lists
Holdings
Withdrawn status Lost status Materials specified (bound volume or other part) Damaged status Not for loan Collection code Permanent Location Current Location Date acquired Total Checkouts Full call number Barcode Date last seen Price effective from Koha item type
    Soft Cover     Richard Drews Northern Philatelic Library Northern Philatelic Library 11/18/2014   Catalog 1000331 06/28/2015 06/28/2015 Books

Powered by Koha